Vision and blue prints (Record no. 153825)

MARC details
000 -LEADER
fixed length control field 00730nam a2200253Ia 4500
003 - CONTROL NUMBER IDENTIFIER
control field OSt
005 - DATE AND TIME OF LATEST TRANSACTION
control field 20220918174605.0
008 - FIXED-LENGTH DATA ELEMENTS--GENERAL INFORMATION
fixed length control field 220917b |||||||| |||| 00| 0 eng d
037 ## - SOURCE OF ACQUISITION
Terms of availability Textual
040 ## - CATALOGING SOURCE
Original cataloging agency ARTS
Transcribing agency ARTS
Language of cataloging eng
041 ## - LANGUAGE CODE
Source of code eng
Language code of text/sound track or separate title eng
100 ## - MAIN ENTRY--PERSONAL NAME
Personal name Timms Edward
9 (RLIN) 51014
245 #0 - TITLE STATEMENT
Title Vision and blue prints
Remainder of title Avantgrade culture and radial politics in early 20th century Europe
260 ## - PUBLICATION, DISTRIBUTION, ETC.
Place of publication, distribution, etc. N York
Name of publisher, distributor, etc. Manchester Univ Press
Date of publication, distribution, etc. 1988
300 ## - PHYSICAL DESCRIPTION
Extent xii, 328p.
Dimensions cm.
650 ## - SUBJECT ADDED ENTRY--TOPICAL TERM
Topical term or geographic name entry element ARTS
700 ## - ADDED ENTRY--PERSONAL NAME
Personal name Collier Peter
9 (RLIN) 51015
942 ## - ADDED ENTRY ELEMENTS (KOHA)
Classification part N5,N, M8
Koha item type Textual
Source of classification or shelving scheme Colon Classification (CC)
Holdings
Withdrawn status Lost status Damaged status Not for loan Home library Current library Date acquired Total Checkouts Full call number Barcode Date last seen Price effective from Koha item type
        Arts Library Arts Library 2022-09-18   N5,N M8 AL0989791 2022-09-18 2022-09-18 Textual
Copyright @ Delhi University Library System